<?xml version="1.0" encoding="UTF-8"?>
<record
    xmlns:xsi="http://www.w3.org/2001/XMLSchema-instance"
    xsi:schemaLocation="http://www.loc.gov/MARC21/slim http://www.loc.gov/standards/marcxml/schema/MARC21slim.xsd"
    xmlns="http://www.loc.gov/MARC21/slim">

  <leader>01569    a2200193   4500</leader>
  <controlfield tag="001">46665</controlfield>
  <controlfield tag="005">20260407155737.0</controlfield>
  <controlfield tag="008">260407a1976    arg                 spa d</controlfield>
  <controlfield tag="003">AR-UNSa-BCEJYS</controlfield>
  <datafield tag="040" ind1=" " ind2=" ">
    <subfield code="a">AR-UNSa-BCEJYS</subfield>
    <subfield code="b">spa</subfield>
    <subfield code="c">AR-UNSa-BCEJYS</subfield>
  </datafield>
  <datafield tag="080" ind1=" " ind2=" ">
    <subfield code="a">004.3</subfield>
    <subfield code="x">"Hardware". Soportes inform&#xE1;ticos, componentes f&#xED;sicos del ordenador, m&#xE1;quinas</subfield>
  </datafield>
  <datafield tag="245" ind1="1" ind2="0">
    <subfield code="a">Introducci&#xF3;n a la computaci&#xF3;n elect&#xF3;nica</subfield>
  </datafield>
  <datafield tag="264" ind1=" " ind2="1">
    <subfield code="a">Buenos Aires :</subfield>
    <subfield code="b">El Ateneo</subfield>
    <subfield code="c">1976</subfield>
  </datafield>
  <datafield tag="300" ind1=" " ind2=" ">
    <subfield code="a">186 p.</subfield>
    <subfield code="c">23 cm.</subfield>
  </datafield>
  <datafield tag="505" ind1=" " ind2=" ">
    <subfield code="a">1. Robots en Marte &#x2013; 2. Importancia del estudio de las computadoras &#x2013; 3. Historias de las computadoras &#x2013; 4. El dise&#xF1;o de una computadora &#x2013; 5. El dif&#xED;cil camino de la programaci&#xF3;n &#x2013; 6. &#xBF;Qu&#xE9; es un compilador? &#x2013; 7. Tarjetas de datos &#x2013; 8. Aprendamos un sencillo lenguaje de programaci&#xF3;n &#x2013; 9. Aprendamos un sencillo lenguaje de programaci&#xF3;n (Continuaci&#xF3;n) &#x2013; 10. Aprendamos un sencillo lenguaje de programaci&#xF3;n (Conclusi&#xF3;n) &#x2013; 11. El cursograma, lenguaje de la l&#xF3;gica &#x2013; 12. Depuraci&#xF3;n &#x2013; 13. La naturaleza de las aplicaciones de computadoras &#x2013; 14. Archivos de cintas magn&#xE9;ticas &#x2013; 15. Mantenimiento de archivos &#x2013; 16. Un centro de computaci&#xF3;n &#x2013; 17. Tipos representativos de computadoras &#x2013; 18. Un estudio de computadora en profundidad &#x2013; 19. Multiprogramaci&#xF3;n &#x2013; 20. Software &#x2013; 21. Tiempo compartido por teletipo &#x2013; 22. Automatizaci&#xF3;n &#x2013; 23. Las computadoras &#xBF;son capaces de pensar? &#x2013; 24. &#xBF;Hay una computadora en su futuro?. 
</subfield>
  </datafield>
  <datafield tag="942" ind1=" " ind2=" ">
    <subfield code="c">BK</subfield>
  </datafield>
  <datafield tag="590" ind1=" " ind2=" ">
    <subfield code="a">niveau_biblio:m niveau_hierar:0</subfield>
  </datafield>
  <datafield tag="100" ind1="1" ind2=" ">
    <subfield code="a">Farina, Mario V.</subfield>
  </datafield>
  <datafield tag="999" ind1=" " ind2=" ">
    <subfield code="c">4226</subfield>
    <subfield code="d">4226</subfield>
  </datafield>
  <datafield tag="952" ind1=" " ind2=" ">
    <subfield code="0">0</subfield>
    <subfield code="1">0</subfield>
    <subfield code="4">0</subfield>
    <subfield code="7">0</subfield>
    <subfield code="a">BCEJYS</subfield>
    <subfield code="b">BCEJYS</subfield>
    <subfield code="c">16</subfield>
    <subfield code="d">2026-04-07</subfield>
    <subfield code="l">0</subfield>
    <subfield code="o">004.3 F225</subfield>
    <subfield code="p">L13415</subfield>
    <subfield code="r">2026-04-07 15:57:37</subfield>
    <subfield code="w">2026-04-07</subfield>
    <subfield code="y">L</subfield>
  </datafield>
  <datafield tag="952" ind1=" " ind2=" ">
    <subfield code="0">0</subfield>
    <subfield code="1">0</subfield>
    <subfield code="4">0</subfield>
    <subfield code="7">0</subfield>
    <subfield code="a">BCEJYS</subfield>
    <subfield code="b">BCEJYS</subfield>
    <subfield code="c">16</subfield>
    <subfield code="d">2026-04-07</subfield>
    <subfield code="l">0</subfield>
    <subfield code="o">004.3 F225</subfield>
    <subfield code="p">L28711</subfield>
    <subfield code="r">2026-04-07 15:57:37</subfield>
    <subfield code="w">2026-04-07</subfield>
    <subfield code="y">L</subfield>
  </datafield>
  <datafield tag="952" ind1=" " ind2=" ">
    <subfield code="0">0</subfield>
    <subfield code="1">0</subfield>
    <subfield code="4">0</subfield>
    <subfield code="7">0</subfield>
    <subfield code="a">BCEJYS</subfield>
    <subfield code="b">BCEJYS</subfield>
    <subfield code="c">16</subfield>
    <subfield code="d">2026-04-07</subfield>
    <subfield code="l">0</subfield>
    <subfield code="o">004.3 F225</subfield>
    <subfield code="p">L28712</subfield>
    <subfield code="r">2026-04-07 15:57:37</subfield>
    <subfield code="w">2026-04-07</subfield>
    <subfield code="y">L</subfield>
  </datafield>
  <datafield tag="952" ind1=" " ind2=" ">
    <subfield code="0">0</subfield>
    <subfield code="1">0</subfield>
    <subfield code="4">0</subfield>
    <subfield code="7">0</subfield>
    <subfield code="a">BCEJYS</subfield>
    <subfield code="b">BCEJYS</subfield>
    <subfield code="c">16</subfield>
    <subfield code="d">2026-04-07</subfield>
    <subfield code="l">0</subfield>
    <subfield code="o">004.3 F225</subfield>
    <subfield code="p">L28710</subfield>
    <subfield code="r">2026-04-07 15:57:37</subfield>
    <subfield code="w">2026-04-07</subfield>
    <subfield code="y">L</subfield>
  </datafield>
</record>
